| 000 | 01187nam a2200229 i 4500 | ||
|---|---|---|---|
| 001 | 153364 | ||
| 003 | ES-MaACL | ||
| 005 | 20250809041213.0 | ||
| 008 | 050812s1637 fr |||| | lat d | ||
| 100 | 1 |
_aCujas, Jacques ( _d1522-1590) _942126 |
|
| 245 | 1 | 0 |
_aIacobi Cuiacii ic. _b: Operum, quae de iure fecit, tam eorum quae eo superstite, quam quae post obitum eiusdem iussu edita sunt. tomus primus [-secundus]... |
| 260 |
_aLutetiae Parisiorum : _bapud Ioannem Germont ..., _c1637. |
||
| 300 |
_a2 v. ([38], 92 p. col., 93-1206 col. , [3], [84] p. ; [16] p., 980 col., [16] p., 5-782 col., [4] p. ) ; _c36 cm. |
||
| 530 | _aDisponible en formato digital. | ||
| 597 | _aSign.: [cruz latina]5, *-2*4, 3*6, A-3H6, 32, a-g6 ; [alfa]-[beta]4, A-2R6, 2S5, *-2*4, 4a2-6, 4b-5i6, 5k4, 4p2 [sic] | ||
| 597 | _aPort. a dos tintas con retrato calc. | ||
| 650 | 7 |
_aDerecho romano _2embne _911764 |
|
| 852 |
_aES-MaACL _jR-1515-21 _q- Falto de port. y h. [alfa]2 y [alfa]3 _z- Enc. hol. _x- Olim: G-2203-8 |
||
| 856 |
_uhttps://bvpb.mcu.es/es/consulta/registro.do?id=577752 _zBiblioteca Virtual del Patrimonio Bibliográfico |
||
| 942 |
_2udc _cMONANT _n0 |
||
| 999 |
_c153364 _d153364 |
||